Language Quiz

Random Language or Letter Quiz

Word Hourglass III Quiz Stats

 Plays Quiz Updated Jan 11, 2015

Also try: Word Hourglass II
Challenge
Share
Tweet
Embed
Score 0/11 Timer 02:00
2 Plays Today
Clue Word % Correct
Warm seasonSUMMER
99.3%
Cold seasonWINTER
95.1%
90° on a compassE
92.1%
as such: per __SE
84.2%
Relative of e.g.i.e.
79.4%
AngerIRE
75.9%
Employ or applyUSE
75.3%
Erato or Calliope e.g.MUSE
70.2%
Strap to control an animalREIN
58.9%
Unreactive, like a noble gasINERT
56.2%
Uncle who tells of Br'er RabbitREMUS
53.9%

You're not logged in!

Compare scores with friends on all Sporcle quizzes.
OR
Log In

You Might Also Like...

Show Comments

Extras

Top Quizzes Today


Score Distribution

Your Account Isn't Verified!

In order to create a playlist on Sporcle, you need to verify the email address you used during registration. Go to your Sporcle Settings to finish the process.

Report this User

Report this user for behavior that violates our Community Guidelines.

Details: